Normal view
MARC view
- Asish Tewari
Entry Personal Name
001 - CONTROL NUMBER
- control field: 125799
003 - CONTROL NUMBER IDENTIFIER
- control field: NUST
005 - DATE AND TIME OF LATEST TRANSACTION
- control field: 20240911143340.0
008 - FIXED-LENGTH DATA ELEMENTS
- fixed length control field: 240911|| aca||aabn | a|a d
040 ## - CATALOGING SOURCE
- Original cataloging agency: NUST
- Transcribing agency: NUST
100 ## - HEADING--PERSONAL NAME
- Personal name: Asish Tewari
670 ## - SOURCE DATA FOUND
- Source citation: Work cat.: (NUST): Asish Tewari, Modern Control Design Wit MATLAB and Simulink, 2003.
